Представление документа в формате RUSMARC

ПолеНазваниеЗначение
  Тип записи a
  Библиографический уровень m
001 Контрольный номер RU/SLIB/B/208751017
005 Дата корректировки 20201206204131.6
010 Индекс ISBN __
d Цена 1-00
101 Язык документа __
a Язык текста rus
c Язык оригинала rus
200 Заглавие и сведения об ответственности 1_
a Заглавие Мнимый жених
e Сведения, относящиеся к заглавию балет в 4 действиях
f Первые сведения об ответственности Ленингр. гос. акад. малый оперный театр ; музыка М. И. Чулаки
b Общее обозначение материала Текст
210 Выходные данные __
a Место издания Л.
c Издательство [б. и.]
d Дата издания 1946
215 Физическое описание __
a Объем 71 с.
c Иллюстрации/тип воспроизводства ил.
605 Заглавие как предмет __
a Заглавие Мнимый жених /балет/
606 Тематические рубрики __
a Основная рубрика Музыка и зрелищные искусства
606 Тематические рубрики __
a Основная рубрика Балетный театр
606 Тематические рубрики __
a Основная рубрика История музыки
606 Тематические рубрики __
a Основная рубрика Либретто и тексты к музыкальным произведениям
610 Ключевые слова __
a Ключевые слова балет; балетная музыка; либретто; балетное искусство
686 Индексы других классификаций __
a Классификационный индекс 85.335.42
a Классификационный индекс 85.313(2)6
a Классификационный индекс 85.319
702 Вторичная интеллектуальная ответственность _1
a Фамилия Чулаки
b Имя М. И.
4 Код отношения Композитор
4 Код отношения 230
801 Источник записи _0
a Страна RU
b Организация Муниципальное бюджетное учреждение культуры "Централизованная библиотечная система" г. Сургут (Центральная городская библиотека им. А. С. Пушкина)
g Правила каталогизации КиК/Уланова
801 Источник записи _1
a Страна RU
b Организация Муниципальное бюджетное учреждение культуры "Централизованная библиотечная система" г. Сургут (Центральная городская библиотека им. А. С. Пушкина)
g Правила каталогизации КиК/Уланова
852 Данные о местонахождении __
j Шифр хранения 85.335.42
i Авторский знак М 73
p Инвентарный номер 54020
901 Тип документа __
t Тип документа m
990 Данные о заказе (DOS) __
j Количество экземпляров (DOS) 1